000 00886cab a2200241 4500
001 X1143
008 090401t1993 xxu||||| |||| 00| 0 eng d
035 _a(Sirsi) u14936
041 _aeng
245 _aCamden LB v SoS for the Environment and Barker, ex parte Motion
260 _c1993
350 _a0
490 _aJournal of Planning and Environment Law
_vNovember 1993, 1049-1055(7)
520 _aQBD 20 April 1993. Enforcement Notice - appeal - estoppel - notice a nullity - consideration of Lever Finance v Westminster CC and Western Fish - estoppel established - leave to appeal refused.
650 _aESTOPPEL
650 _aEXTENSION
650 _aPLANNING PERMISSION
650 _aROOF TERRACE
650 _aBUILT ENVIRONMENT-BUILDING ELEMENTS-COMPLETE BUILDING ELEMENTS-ROOFS
690 _aPLANNING LAW AND PRACTICE-CASE LAW
942 _n0
948 _c04/03/1997
999 _c9749
_d9749